|
|
|
|
| LEADER |
00000caa a22000002c 4500 |
| 001 |
1525995200 |
| 003 |
DE-627 |
| 005 |
20220604105117.0 |
| 007 |
tu |
| 008 |
160223s1998 xx ||||| 00| ||ger c |
| 020 |
|
|
|a 9783322932761
|
| 035 |
|
|
|a (DE-627)1525995200
|
| 035 |
|
|
|a (DE-576)455995206
|
| 035 |
|
|
|a (DE-599)BSZ455995206
|
| 040 |
|
|
|a DE-627
|b ger
|c DE-627
|e rakwb
|
| 041 |
|
|
|a ger
|
| 100 |
1 |
|
|a Dienel, Christiane
|d 1965-
|0 (DE-588)124080065
|0 (DE-627)085624241
|0 (DE-576)294011005
|4 aut
|
| 109 |
|
|
|a Dienel, Christiane 1965-
|
| 245 |
1 |
0 |
|a Armut von Kindern im europäischen Vergleich. Strategien zu ihrer Bekämpfung
|c Christiane Dienel
|
| 264 |
|
1 |
|c 1998
|
| 336 |
|
|
|a Text
|b txt
|2 rdacontent
|
| 337 |
|
|
|a ohne Hilfsmittel zu benutzen
|b n
|2 rdamedia
|
| 338 |
|
|
|a Band
|b nc
|2 rdacarrier
|
| 773 |
0 |
8 |
|i In
|t Armut und soziale Ungleichheit bei Kindern
|d Opladen : Leske + Budrich, 1998
|g (1998), Seite 200-213
|h 317 S.
|w (DE-627)240813529
|w (DE-576)064073521
|z 381002046X
|z 9783322932761
|7 nnam
|
| 773 |
1 |
8 |
|g year:1998
|g pages:200-213
|
| 935 |
|
|
|a mkri
|
| 951 |
|
|
|a AR
|
| ELC |
|
|
|b 1
|
| LOK |
|
|
|0 000 xxxxxcx a22 zn 4500
|
| LOK |
|
|
|0 001 289949192X
|
| LOK |
|
|
|0 003 DE-627
|
| LOK |
|
|
|0 004 1525995200
|
| LOK |
|
|
|0 005 20260212081905
|
| LOK |
|
|
|0 008 160208||||||||||||||||ger|||||||
|
| LOK |
|
|
|0 040
|a DE-21-110
|c DE-627
|d DE-21-110
|
| LOK |
|
|
|0 689
|a s
|a Sozialpolitik
|
| LOK |
|
|
|0 689
|a s
|a Kinderarmut
|
| LOK |
|
|
|0 852
|a DE-21-110
|
| LOK |
|
|
|0 852 1
|m p
|9 00
|
| LOK |
|
|
|0 935
|a k110
|
| LOK |
|
|
|0 938
|k p
|
| LOK |
|
|
|0 939
|a 08-02-16
|b l01
|
| ORI |
|
|
|a WA-MARC-krimdoka001.raw
|